Statistics for Prince Albums

Click here to take the quiz!

General Stats

  • This quiz has been taken 116 times
  • The average score is 23 of 41

Answer Stats

YearAlbum% Correct
1979Prince
96%
1984Purple Rain
96%
1987Sign o' the Times
95%
19821999
93%
1981Controversy
88%
1985Around the World in a Day
86%
1991Diamonds and Pearls
86%
1986Parade
84%
1989Batman
80%
1988Lovesexy
80%
1978For You
79%
1992Love Symbol
77%
1980Dirty Mind
75%
1995The Gold Experience
70%
1990Graffiti Bridge
68%
1994Come
64%
1996Emancipation
63%
2004Musicology
54%
1999Rave Un2 the Joy Fantastic
54%
1994The Black Album
50%
2015HITnRUN Phase One
46%
2015HITnRUN Phase Two
46%
2003N.E.W.S
46%
20063121
43%
1996Chaos and Disorder
43%
2007Planet Earth
41%
2001The Rainbow Children
41%
1998Crystal Ball
39%
2018Piano and a Microphone 1983
39%
2009Lotusflow3r
36%
2019Originals
36%
2021Welcome 2 America
36%
201020ten
34%
2014Art Official Age
34%
2004The Chocolate Invasion
32%
2002One Nite Alone...
30%
2014Plectrumelectrum
30%
1998The Truth
27%
1999The Vault: Old Friends 4 Sale
27%
2003Xpectation
23%
2004The Slaughterhouse
21%

Score Distribution

Percentile by Number Answered

Percent of People with Each Score

Your Score History

You have not taken this quiz